000 00487nam a2200157Ia 4500
008 160316s2006 xxu||||| |||| 00| 0 eng d
082 _a330.030000
_bOCO-II
100 _aO'Connor David E
245 _aEncyclopedia of the global eocnomy : A guide for students and researchers Vol. II
250 _a
260 _aNew Delhi
_bAcademic Foundation
_c2006
300 _a374p
_b
_cxxxvii
365 _bRs.2,995 Set
650 _a1. Economics - Global Economy - Encyclopedia
700 _a
_a
999 _c24011
_d24011